000 01226nam0a2200337 4500
001 RU\NLR\BIBL_A\022639396
005 20260420054531.0
010 _a978-5-00207-892-9
_9500
021 _aRU
_bКН-П-25-051237
_9КН-П-25-4957
035 _a(NLR Aleph) 022639396
090 _a13685217
_c13685217
100 _a20251008d2025 b y0rusy50 ca
101 0 _arus
102 _aRU
105 _aa z 000ay
181 0 _ai
_baxxe
182 0 _an
200 1 _aЛесная школа
_e[сборник сказок
_eдля дошкольного и младшего школьного возраста]
_fЕлена Лемеш
_g[иллюстрации Ячменькова М. А.]
203 _aТекст
_bвизуальный
_cнепосредственный
210 _aСаратов
_cАмирит
_d2025 (печ. 2022)
215 _a58, [1] с.
_cцв. ил.
_d26
333 _a3+
686 0 _aШ9(2)60=Р7-2
700 1 _aЛемеш
_bЕ. В.
_gЕлена Владимировна
702 1 _aЯчменькова
_bМ. А.
_4440
942 _cBOOK
980 _aNB